[Event "I Festival dell'Etna A"]
[Site "Nicolosi ITA"]
[Date "2014.12.06"]
[Round "2"]
[White "Savalla, Gianluca"]
[Black "Astorina, Davide"]
[WhiteElo "1753"]
[BlackElo "1563"]
[Result "0-1"]
[PlyCount "106"]
[EventDate "2014.12.05"]

1. d4 d5 2. Nf3 Nf6 3. e3 Bf5 4. c4 e6 5. Qb3 b6 6. cxd5 exd5 7. Nc3 Be7 8. Ne5
O-O 9. Be2 c5 10. f4 c4 11. Qd1 Ne4 12. Nxe4 Bxe4 13. Bf3 f6 14. Nxc4 Nc6 15.
Nd2 f5 16. Nxe4 fxe4 17. Bg4 Bb4+ 18. Bd2 Bxd2+ 19. Kxd2 Qd6 20. Ke1 Nb4 21.
Be2 Rfc8 22. Kf2 Rc2 23. a3 Nd3+ 24. Kf1 Rac8 25. Bxd3 exd3 26. Qxd3 Rxb2 27.
Rb1 Ra2 28. Qb5 Rcc2 29. Qe8+ Qf8 30. Qe6+ Qf7 31. Qg4 Rxa3 32. Qd1 Qf5 33. Qf3
Qd3+ 34. Kg1 Qxe3+ 35. Qxe3 Rxe3 36. h3 Re4 37. Kh2 Rxd4 38. Ra1 Rdd2 39. Rhg1
a5 40. Rab1 Rb2 41. Rbc1 h6 42. Rc7 a4 43. Re1 Rxg2+ 44. Kh1 Rge2 45. Ra1 Rh2+
46. Kg1 Rbg2+ 47. Kf1 Rh1+ 48. Kxg2 Rxa1 49. Kf3 a3 50. Kg4 Rg1+ 51. Kh5 a2 52.
Rc8+ Kh7 53. Ra8 a1=Q 0-1

[Event "I Festival dell'Etna A"]
[Site "Nicolosi ITA"]
[Date "2014.12.06"]
[Round "2"]
[White "Savalla, Pietro"]
[Black "Bifulco, Michel"]
[WhiteElo "1919"]
[BlackElo "2110"]
[Result "0-1"]
[PlyCount "108"]
[EventDate "2014.12.05"]

1. d4 g6 2. e4 c6 3. c3 Bg7 4. Bd3 d5 5. exd5 cxd5 6. Nf3 Nh6 7. O-O O-O 8. Re1
Nc6 9. Nbd2 f6 10. Nf1 Nf7 11. c4 Bg4 12. Be2 dxc4 13. Be3 Nd6 14. h3 Bxf3 15.
Bxf3 Kh8 16. Qd2 Nf5 17. Bxc6 bxc6 18. Rad1 Qd5 19. Qe2 Rab8 20. Rc1 Nd6 21.
Red1 Rb7 22. Rc2 Rd8 23. Nd2 f5 24. Nxc4 Nxc4 25. Qxc4 Qxc4 26. Rxc4 Rxb2 27.
Rxc6 Rxa2 28. Rc7 Bf6 29. d5 a6 30. Bd4 Bxd4 31. Rxd4 Ra5 32. Rxe7 Raxd5 33.
Rxd5 Rxd5 34. Ra7 Rd1+ 35. Kh2 Ra1 36. h4 a5 37. Kg3 Ra2 38. h5 gxh5 39. Kh4 a4
40. Kg5 Rxf2 41. Rxa4 Rxg2+ 42. Kxf5 Kg7 43. Ra7+ Kh6 44. Ra6+ Rg6 45. Ra4 Rg5+
46. Kf6 Rg4 47. Ra7 Rf4+ 48. Ke5 Rf8 49. Ke4 Kg6 50. Ra1 h4 51. Rg1+ Kh5 52.
Rg7 h6 53. Rg1 h3 54. Rh1 Kh4 0-1

[Event "I Festival dell'Etna A"]
[Site "Nicolosi ITA"]
[Date "2014.12.06"]
[Round "2"]
[White "Signorelli, Gaetano"]
[Black "Trifoglio, Giovanni"]
[WhiteElo "2091"]
[BlackElo "1877"]
[Result "1-0"]
[PlyCount "73"]
[EventDate "2014.12.05"]

1. e4 c5 2. Nc3 e6 3. f4 Nc6 4. Nf3 Qc7 5. d3 a6 6. a4 d6 7. g3 g6 8. Bg2 Bg7
9. O-O Nge7 10. g4 f5 11. h3 O-O 12. Ne2 Nd4 13. c3 Nxf3+ 14. Bxf3 Bd7 15. Ng3
Bc6 16. Qb3 d5 17. gxf5 gxf5 18. e5 b5 19. axb5 axb5 20. Bd2 Ng6 21. d4 Qe7 22.
Rxa8 Rxa8 23. Nxf5 Qf8 24. Nxg7 Qxg7 25. Kh2 Qh6 26. Bg4 Ne7 27. Qc2 Rf8 28. f5
Qh4 29. f6 Bd7 30. Rg1 Ng6 31. Be3 Kf7 32. Qd2 h5 33. Bg5 hxg4 34. Bxh4 Nxh4
35. Qh6 Nf3+ 36. Kg3 Ke8 37. Ra1 1-0

[Event "I Festival dell'Etna A"]
[Site "Nicolosi ITA"]
[Date "2014.12.06"]
[Round "2"]
[White "Terwagne, Bertrand"]
[Black "Gangemi, Salvatore"]
[WhiteElo "1865"]
[BlackElo "2075"]
[Result "0-1"]
[PlyCount "112"]
[EventDate "2014.12.05"]

1. e4 e6 2. d4 d5 3. Nd2 dxe4 4. Nxe4 Nd7 5. Nf3 Ngf6 6. Bg5 Be7 7. Bd3 Nxe4 8.
Bxe7 Qxe7 9. Bxe4 Qb4+ 10. Qd2 Qxb2 11. O-O Nf6 12. Bd3 Qa3 13. c3 O-O 14. Rab1
Qd6 15. Qc2 h6 16. Ne5 c5 17. Nf3 cxd4 18. Nxd4 a6 19. Rfd1 Qc7 20. Rb4 Bd7 21.
Rdb1 b5 22. c4 e5 23. cxb5 Qxc2 24. Nxc2 axb5 25. Bxb5 Rxa2 26. Bxd7 Nxd7 27.
Ne3 Nc5 28. R4b2 Rfa8 29. Rb8+ Rxb8 30. Rxb8+ Kh7 31. f3 Nd3 32. Rb1 Re2 33.
Nf1 Nf4 34. g3 Nh3+ 35. Kh1 Rf2 36. Rc1 Ng5 37. Kg1 Rxf3 38. Kg2 Rb3 39. Rc2 f6
40. Nd2 Rb7 41. h4 Ne6 42. Ne4 Nd4 43. Ra2 Rc7 44. Kh3 h5 45. Ra3 Kg6 46. Rd3
Rc6 47. Ra3 Kf5 48. Nf2 Rc2 49. g4+ hxg4+ 50. Nxg4 Rb2 51. Ne3+ Ke4 52. Nc4
Rb3+ 53. Rxb3 Nxb3 54. Nd6+ Kf3 55. Nf5 e4 56. Nxg7 e3 0-1

[Event "I Festival dell'Etna A"]
[Site "Nicolosi ITA"]
[Date "2014.12.06"]
[Round "2"]
[White "Tiviakov, Sergei"]
[Black "Gueci, Tea"]
[WhiteElo "2677"]
[BlackElo "2018"]
[Result "1-0"]
[PlyCount "97"]
[EventDate "2014.12.05"]

1. e4 g6 2. d4 Bg7 3. c3 d6 4. Nf3 Nf6 5. Bd3 O-O 6. O-O Nbd7 7. Bg5 h6 8. Bh4
e5 9. Nbd2 Qe8 10. Re1 Nh5 11. Nc4 Nf4 12. Bf1 Nb6 13. Ne3 Bd7 14. dxe5 dxe5
15. Qc2 Bc6 16. c4 a5 17. Nd5 Bxd5 18. cxd5 Qd7 19. Rac1 g5 20. Bg3 Rfc8 21.
Red1 Qd6 22. Qc5 Bf8 23. Qb5 f6 24. a3 Qd7 25. Bxf4 Qxb5 26. Bxb5 exf4 27. Nd4
Bd6 28. Rc2 Be5 29. Nf5 Kh7 30. b3 Rd8 31. Rdc1 Nc8 32. Rxc7+ Bxc7 33. Rxc7+
Kh8 34. Bd7 Nb6 35. Be6 Nc8 36. Nxh6 Nd6 37. f3 b5 38. h4 gxh4 39. Kh2 a4 40.
b4 Rf8 41. Kh3 Rad8 42. Kxh4 f5 43. exf5 Ne8 44. Ra7 Nf6 45. Nf7+ Rxf7 46. Rxf7
Nxd5 47. Kh5 Rd6 48. Kh6 Kg8 49. Rd7+ 1-0

[Event "I Festival dell'Etna A"]
[Site "Nicolosi ITA"]
[Date "2014.12.06"]
[Round "2"]
[White "Valguarnera, Girolamo"]
[Black "Russo, Alfio"]
[WhiteElo "2080"]
[BlackElo "1867"]
[Result "1-0"]
[PlyCount "47"]
[EventDate "2014.12.05"]

1. e4 g6 2. Nf3 Bg7 3. Bc4 c5 4. O-O Nc6 5. c3 Nf6 6. e5 Ng4 7. d4 d5 8. Bb3
cxd4 9. cxd4 Bf5 10. Nc3 e6 11. h3 Nh6 12. Re1 O-O 13. Bg5 Qb6 14. Qd2 Be4 15.
Bxh6 Bxh6 16. Qxh6 Bxf3 17. gxf3 f6 18. exf6 Rxf6 19. Rxe6 Rxe6 20. Nxd5 Qd8
21. Nf4 Nxd4 22. Nxe6 Nxf3+ 23. Kh1 Qf6 24. Nf8+ 1-0

[Event "I Festival dell'Etna A"]
[Site "Nicolosi ITA"]
[Date "2014.12.06"]
[Round "2"]
[White "Vesce, Emanuele"]
[Black "Novak, Ksenija"]
[WhiteElo "1895"]
[BlackElo "2087"]
[Result "1-0"]
[PlyCount "109"]
[EventDate "2014.12.05"]

1. d4 d5 2. c4 e6 3. g3 Nf6 4. Nf3 Be7 5. Bg2 Nbd7 6. O-O O-O 7. Qc2 c5 8. Rd1
Ne4 9. Ne5 cxd4 10. Nxd7 Bxd7 11. cxd5 exd5 12. Qb3 Bc6 13. Nd2 Bc5 14. Qd3 Re8
15. Nb3 Bb6 16. Nxd4 Qf6 17. Be3 Nc5 18. Qc2 Ne4 19. Rac1 Rac8 20. Qb3 Nc5 21.
Qa3 Ne6 22. Nxe6 Bxe3 23. Qxe3 fxe6 24. b4 b6 25. Bh3 Bd7 26. Rxc8 Rxc8 27. Rc1
Rxc1+ 28. Qxc1 Qe5 29. Qc2 d4 30. Bg2 Bb5 31. Qc8+ Kf7 32. Qb7+ Kf6 33. Qf3+
Qf5 34. Kf1 Ke5 35. Qxf5+ exf5 36. Ke1 d3 37. e3 Bc4 38. a3 Bd5 39. Bf1 Bc4 40.
Kd2 Ke4 41. Bg2+ Ke5 42. f4+ Kd6 43. Bf1 g6 44. Bg2 a5 45. Bf1 axb4 46. axb4
Kc6 47. Bxd3 Ba2 48. Kc3 Kd5 49. Bc2 Bc4 50. Bd1 b5 51. Bf3+ Kd6 52. Kd4 Bb3
53. Be2 Ba4 54. Bd3 h6 55. Be2 1-0

[Event "I Festival dell'Etna A"]
[Site "Nicolosi ITA"]
[Date "2014.12.06"]
[Round "2"]
[White "Zuccarotto, Salvatore"]
[Black "Giuffrida, Francesco"]
[WhiteElo "1727"]
[BlackElo "1527"]
[Result "1-0"]
[PlyCount "48"]
[EventDate "2014.12.05"]

1. e4 c5 2. Nf3 d6 3. d4 cxd4 4. Nxd4 Nf6 5. Nc3 a6 6. Bd3 g6 7. Be3 Bg7 8. Qd2
Ng4 9. O-O Nxe3 10. fxe3 O-O 11. Bc4 Nd7 12. Nf3 Qc7 13. Bb3 Nc5 14. Nd5 Nxb3
15. axb3 Qd8 16. c3 Bg4 17. h3 Bxf3 18. Rxf3 g5 19. Raf1 f6 20. Nb4 Qd7 21. Rd1
g4 22. hxg4 Qxg4 23. Qd5+ Kh8 24. Qxb7 f5 1-0

[Event "I Festival dell'Etna A"]
[Site "Nicolosi ITA"]
[Date "2014.12.06"]
[Round "3"]
[White "Aceto, Andrea"]
[Black "Savalla, Pietro"]
[WhiteElo "1771"]
[BlackElo "1919"]
[Result "0-1"]
[PlyCount "124"]
[EventDate "2014.12.05"]

1. d4 d5 2. Nf3 e6 3. Nc3 Nf6 4. e3 Nbd7 5. Be2 c6 6. O-O Bd6 7. b3 O-O 8. Bb2
Qc7 9. Bd3 e5 10. dxe5 Nxe5 11. h3 Qe7 12. e4 Nxf3+ 13. Qxf3 Qe5 14. Rfe1 Qh2+
15. Kf1 Qf4 16. Qxf4 Bxf4 17. exd5 Bd2 18. Re2 Bxc3 19. Bxc3 Nxd5 20. Bd2 Be6
21. Rae1 Rfe8 22. Be4 Bd7 23. Bxd5 cxd5 24. Rxe8+ Rxe8 25. Rxe8+ Bxe8 26. f4 f6
27. c3 Bg6 28. Ke2 Kf7 29. g4 Bb1 30. a3 Ba2 31. b4 g6 32. h4 Ke6 33. Ke3 Kd6
34. Kd4 Bb3 35. g5 fxg5 36. hxg5 Kc6 37. Ke5 b6 38. Kf6 Kb5 39. Ke5 Ka4 40. Bc1
Bc4 41. Kd6 Kb3 42. Bd2 Kxa3 43. Kc6 Kb3 44. b5 Kc2 45. Be1 Kd3 46. Kb7 Ke2 47.
Kxa7 Bxb5 48. Kxb6 Bc4 49. Bg3 Kd2 50. Kc5 Kxc3 51. Bf2 Kd3 52. Bd4 Ke4 53. Be5
Ba2 54. Bf6 Kxf4 55. Kd4 Kf5 56. Bd8 Kg4 57. Ke5 Kh5 58. Kf4 h6 59. Bf6 hxg5+
60. Bxg5 d4 61. Bf6 d3 62. Ke3 Bc4 0-1

[Event "I Festival dell'Etna A"]
[Site "Nicolosi ITA"]
[Date "2014.12.06"]
[Round "3"]
[White "Amato, Angelo"]
[Black "Dagnino, Marcello"]
[WhiteElo "1659"]
[BlackElo "1524"]
[Result "1-0"]
[PlyCount "73"]
[EventDate "2014.12.05"]

1. c4 c5 2. e4 Nc6 3. Nf3 g6 4. Nc3 e6 5. g3 Bg7 6. Bg2 a6 7. d3 Nd4 8. Be3 Ne7
9. Qd2 Nec6 10. O-O Qf6 11. Qd1 Nxf3+ 12. Bxf3 Nd4 13. Bg2 d6 14. Bxd4 cxd4 15.
Ne2 e5 16. f4 Qd8 17. Qb3 Ra7 18. c5 O-O 19. cxd6 Be6 20. Qa3 Bg4 21. Bf3 Bxf3
22. Rxf3 Qd7 23. Qc5 b5 24. fxe5 Rc8 25. Qxd4 Rc2 26. Rf2 Ra8 27. Rc1 Rac8 28.
Rxc2 Rxc2 29. Nf4 Rc1+ 30. Kg2 Rc8 31. Qd5 Re8 32. d4 h6 33. Rc2 Rc8 34. Rxc8+
Qxc8 35. Qc5 Qb7 36. Nd5 Kh7 37. Qc7 1-0

[Event "I Festival dell'Etna A"]
[Site "Nicolosi ITA"]
[Date "2014.12.06"]
[Round "3"]
[White "Battaglia, Fabio"]
[Black "Iannello, Andrea"]
[WhiteElo "1703"]
[BlackElo "1904"]
[Result "1/2-1/2"]
[PlyCount "167"]
[EventDate "2014.12.05"]

1. c4 Nf6 2. Nc3 c5 3. Nf3 g6 4. d3 Nc6 5. e4 Bg7 6. Be2 d6 7. O-O O-O 8. Nd5
Rb8 9. Rb1 Nd7 10. Bg5 Re8 11. Qd2 a6 12. a4 Nb6 13. Bd1 Bg4 14. Ne1 Bxd1 15.
Qxd1 Nxd5 16. exd5 Nd4 17. Nf3 b5 18. axb5 axb5 19. Nxd4 Bxd4 20. Be3 Bg7 21.
b4 cxb4 22. Rxb4 bxc4 23. Rxb8 Qxb8 24. dxc4 Qb4 25. Qd3 Ra8 26. Rb1 Qxb1+ 27.
Qxb1 Ra1 28. Qxa1 Bxa1 29. Kf1 Kg7 30. Ke2 e6 31. c5 dxc5 32. dxe6 fxe6 33.
Bxc5 Kf6 34. Kf3 Be5 35. g3 h5 36. h4 Kf5 37. Be3 Bd6 38. Bd4 e5 39. Be3 e4+
40. Kg2 Kg4 41. Bd4 Bc7 42. Be3 Be5 43. Bg5 Bd4 44. Bf4 Bf6 45. Be3 Be7 46. Bd4
Bd8 47. Be3 Bf6 48. Bc5 Bc3 49. Be3 Bb2 50. Bc5 Bc1 51. Bd4 Ba3 52. Be3 Be7 53.
Bd4 g5 54. hxg5 Bxg5 55. Bc5 h4 56. gxh4 Bxh4 57. Bd6 Bg5 58. Bc5 Bf4 59. Bd4
Bd2 60. Bc5 Kf4 61. Bd6+ Kg4 62. Bc5 Bg5 63. Bd4 Be7 64. Be3 Bd6 65. Bd4 Bc7
66. Be3 Bf4 67. Bd4 Bc1 68. Bc5 Kf4 69. Bd6+ Kf5 70. Kf1 Ke6 71. Bg3 Kf5 72.
Ke2 Kg4 73. Be5 Bh6 74. Bd4 Bf4 75. Bc5 Be5 76. Be3 Bf4 77. Bd4 Bc7 78. Bc5 Be5
79. Be3 Bf4 80. Bd4 Bh6 81. Bc5 Bg5 82. Bd4 Kf5 83. f3 exf3+ 84. Kxf3 1/2-1/2

[Event "I Festival dell'Etna A"]
[Site "Nicolosi ITA"]
[Date "2014.12.06"]
[Round "3"]
[White "Battaglia, Giuseppe"]
[Black "Terwagne, Bertrand"]
[WhiteElo "1690"]
[BlackElo "1865"]
[Result "1-0"]
[PlyCount "97"]
[EventDate "2014.12.05"]

1. e4 e5 2. Nf3 Nc6 3. Bc4 Bc5 4. O-O Nf6 5. Nc3 d6 6. h3 Be6 7. Qe2 Qd7 8. Ng5
Nd4 9. Qd3 Bxc4 10. Qxc4 Nxc2 11. Rb1 Nd4 12. b4 Bb6 13. a4 a6 14. Ne2 Nxe2+
15. Qxe2 Qxa4 16. Qc4 Qd7 17. Kh1 h6 18. Nf3 Qc6 19. Qb3 Nxe4 20. d4 exd4 21.
Re1 O-O-O 22. Re2 Nc3 23. Rc2 Qd7 24. Ra1 Rhe8 25. Bd2 Ne4 26. b5 Qxb5 27. Qxf7
d3 28. Rcc1 Qd7 29. Qb3 Bc5 30. Rab1 c6 31. Ba5 d2 32. Nxd2 Nxd2 33. Bxd2 Re2
34. Ba5 Rde8 35. f3 R2e5 36. Bc3 Re3 37. Qb2 Qe7 38. Bxg7 Ba3 39. Rxc6+ bxc6
40. Qb8+ Kd7 41. Rb7+ Ke6 42. Rxe7+ Rxe7 43. Bxh6 Re1+ 44. Kh2 d5 45. Bf4 a5
46. Qb6 Bb4 47. Qxc6+ Kf5 48. Bg3 Rd1 49. Qc2+ 1-0

[Event "I Festival dell'Etna A"]
[Site "Nicolosi ITA"]
[Date "2014.12.06"]
[Round "3"]
[White "Bifulco, Michel"]
[Black "Tiviakov, Sergei"]
[WhiteElo "2110"]
[BlackElo "2677"]
[Result "0-1"]
[PlyCount "76"]
[EventDate "2014.12.05"]

1. d4 Nf6 2. c4 e6 3. Nf3 b6 4. e3 Bb7 5. Bd3 d5 6. O-O Bd6 7. b3 O-O 8. Bb2
Nbd7 9. Nbd2 c5 10. Ne5 cxd4 11. exd4 dxc4 12. Ndxc4 Be7 13. Ne3 Nd5 14. Nxd5
Bxd5 15. Qe2 Rc8 16. Rac1 Nf6 17. Ng4 Nxg4 18. Qxg4 Qd7 19. Ba6 Rcd8 20. Rfd1
b5 21. Qg3 Bd6 22. Qc3 Rb8 23. Qa5 Qe7 24. Qe1 Rb6 25. Bc8 Bc7 26. Rc5 Qd6 27.
Qe5 Qxe5 28. dxe5 Rxc8 29. Rdc1 Rb7 30. Ba3 a5 31. R5c2 b4 32. Bb2 Kf8 33. Bd4
Ke8 34. f4 Kd7 35. f5 Ra8 36. fxe6+ Bxe6 37. Rd2 Ke8 38. Rc6 Rd8 0-1

[Event "I Festival dell'Etna A"]
[Site "Nicolosi ITA"]
[Date "2014.12.06"]
[Round "3"]
[White "Cannella, Carlo"]
[Black "Zuccarotto, Salvatore"]
[WhiteElo "1931"]
[BlackElo "1727"]
[Result "1-0"]
[PlyCount "65"]
[EventDate "2014.12.05"]

1. e4 e5 2. Nf3 d6 3. d4 exd4 4. Nxd4 Be7 5. Bc4 Nf6 6. Nc3 O-O 7. f3 c5 8.
Nde2 Nc6 9. a4 Be6 10. Nd5 Ne5 11. Nxe7+ Qxe7 12. Bxe6 fxe6 13. Bg5 h6 14. Bh4
Ng6 15. Bf2 Nh5 16. O-O Nhf4 17. Nxf4 Nxf4 18. Be3 Rad8 19. Qd2 e5 20. Rad1 a6
21. Qf2 Qg5 22. Kh1 Qg6 23. Rd2 b6 24. Rfd1 Qe6 25. a5 d5 26. Bxf4 Rxf4 27.
Rxd5 Rxd5 28. Rxd5 Qf6 29. axb6 Rxe4 30. b7 Rb4 31. Qxc5 Qf4 32. Rd8+ Kh7 33.
b8=Q 1-0

[Event "I Festival dell'Etna A"]
[Site "Nicolosi ITA"]
[Date "2014.12.06"]
[Round "3"]
[White "Favitta, Amedeo"]
[Black "Baiocchi, Emanuele"]
[WhiteElo "1789"]
[BlackElo "1947"]
[Result "0-1"]
[PlyCount "86"]
[EventDate "2014.12.05"]

1. d4 d5 2. c4 c6 3. Nc3 e6 4. e4 dxe4 5. Nxe4 Be7 6. Nf3 Nf6 7. Nxf6+ Bxf6 8.
Be3 O-O 9. Bd3 Nd7 10. O-O Re8 11. Qc2 h6 12. Rad1 Qc7 13. Qd2 e5 14. Bxh6 gxh6
15. Qxh6 Bg7 16. Qh7+ Kf8 17. dxe5 Nxe5 18. Nxe5 Rxe5 19. f4 Re6 20. b3 Qa5 21.
Qh4 Rh6 22. Qg3 Rf6 23. Bb1 Qb6+ 24. Kh1 Bf5 25. Bxf5 Rxf5 26. Qg4 Rf6 27. Rd7
Re8 28. f5 Qf2 29. Qd1 Qe2 30. Qxe2 Rxe2 31. h3 Rxa2 32. Rxb7 Rd6 33. Rb8+ Ke7
34. f6+ Bxf6 35. Re1+ Re6 36. Rxe6+ Kxe6 37. g4 Be5 38. Re8+ Kd6 39. Kg1 Rb2
40. Rb8 Bd4+ 41. Kh1 Ke5 42. Rb7 Kf4 43. Rxf7+ Kg3 0-1

[Event "I Festival dell'Etna A"]
[Site "Nicolosi ITA"]
[Date "2014.12.06"]
[Round "3"]
[White "Furnari, Francesco"]
[Black "Auci, Matteo"]
[WhiteElo "1850"]
[BlackElo "1500"]
[Result "1-0"]
[PlyCount "67"]
[EventDate "2014.12.05"]

1. d4 g6 2. c4 Bg7 3. Nc3 d6 4. g3 Nf6 5. Bg2 O-O 6. e3 Nbd7 7. Nge2 c5 8. O-O
e6 9. Qb3 e5 10. Rd1 Nh5 11. a4 cxd4 12. exd4 exd4 13. Nxd4 Nc5 14. Qc2 Qb6 15.
Nd5 Qd8 16. Be3 Nf6 17. Nxf6+ Qxf6 18. b4 Na6 19. Nb5 Qxa1 20. Rxa1 Bxa1 21.
Nxd6 Rd8 22. c5 Nc7 23. Bxb7 Bxb7 24. Nxb7 Rd5 25. Qc4 Rb8 26. c6 Be5 27. Bxa7
Ra8 28. Bb6 Rxa4 29. Kg2 Rd2 30. Qe4 Bd4 31. Bxd4 Rxb4 32. Qe5 Rbxd4 33. Qxc7
Rc4 34. Nd6 1-0

[Event "I Festival dell'Etna A"]
[Site "Nicolosi ITA"]
[Date "2014.12.06"]
[Round "3"]
[White "Gangemi, Salvatore"]
[Black "Manakova, Maria"]
[WhiteElo "2075"]
[BlackElo "2352"]
[Result "1/2-1/2"]
[PlyCount "85"]
[EventDate "2014.12.05"]

1. c4 Nf6 2. Nf3 g6 3. g3 Bg7 4. Bg2 O-O 5. d4 d5 6. cxd5 Nxd5 7. O-O Nb6 8.
Nc3 Nc6 9. e3 e5 10. d5 Nb4 11. e4 c6 12. a3 Na6 13. Bg5 Bf6 14. h4 Bxg5 15.
hxg5 Qe7 16. Qc1 Nc5 17. Qc2 cxd5 18. Nxd5 Nxd5 19. exd5 Bf5 20. Qc3 e4 21. Qe5
Qd8 22. Nh4 Qxg5 23. Nxf5 Qxf5 24. Qxf5 gxf5 25. Bh3 Rfe8 26. Bxf5 Re5 27. g4
h5 28. f3 hxg4 29. fxg4 Rd8 30. Rae1 Rexd5 31. b4 Nd3 32. Rxe4 Ne5 33. Kg2 Kg7
34. Rf2 f6 35. Rc2 Rd2+ 36. Re2 Rxe2+ 37. Rxe2 Rd4 38. Kg3 Rc4 39. Rc2 b5 40.
Rxc4 Nxc4 41. Kf4 Nxa3 42. g5 fxg5+ 43. Kxg5 1/2-1/2

[Event "I Festival dell'Etna A"]
[Site "Nicolosi ITA"]
[Date "2014.12.06"]
[Round "3"]
[White "Gelardi, Davide"]
[Black "Bandieramonte, Enrico"]
[WhiteElo "1863"]
[BlackElo "1665"]
[Result "1-0"]
[PlyCount "111"]
[EventDate "2014.12.05"]

1. Nf3 Nf6 2. g3 g6 3. Bg2 Bg7 4. d4 d6 5. O-O O-O 6. Nbd2 Nc6 7. e4 Bg4 8. c3
e5 9. d5 Ne7 10. h3 Bd7 11. Re1 b5 12. c4 bxc4 13. Nxc4 Qb8 14. b3 a5 15. Ba3
Re8 16. Rc1 Bh6 17. Rc3 Bb5 18. Qc2 a4 19. Rb1 Qd8 20. Bc1 Bg7 21. Na3 axb3 22.
axb3 c6 23. dxc6 Bxc6 24. Rxc6 Nxc6 25. Qxc6 Rc8 26. Qa4 Nd7 27. b4 Ra8 28. Qb3
Bf6 29. Be3 Qb8 30. Nc4 Be7 31. Bg5 Bxg5 32. Nxg5 h6 33. Nxd6 Re7 34. Ngxf7 Kg7
35. b5 Qf8 36. Rd1 Nf6 37. Qe3 Rxf7 38. Nxf7 Qxf7 39. b6 Rb8 40. Rc1 Rb7 41.
Bf1 Nd7 42. Rc6 Nxb6 43. Rxb6 Rxb6 44. Qxb6 h5 45. Qc5 Qe6 46. Qd5 Qe7 47. Bc4
Qe8 48. Qe6 Qxe6 49. Bxe6 Kf6 50. Bc8 g5 51. Kg2 Ke7 52. h4 g4 53. f3 gxf3+ 54.
Kxf3 Kf6 55. Ke3 Ke7 56. Kd3 1-0

[Event "I Festival dell'Etna A"]
[Site "Nicolosi ITA"]
[Date "2014.12.06"]
[Round "3"]
[White "Giuffrida, Francesco"]
[Black "Russo, Carmelo"]
[WhiteElo "1527"]
[BlackElo "1647"]
[Result "1-0"]
[PlyCount "133"]
[EventDate "2014.12.05"]

1. e4 c5 2. Nf3 d6 3. d4 cxd4 4. Nxd4 Nf6 5. Nc3 g6 6. Be3 a6 7. f3 b5 8. a3
Bb7 9. Qd2 Nbd7 10. Bd3 Ne5 11. O-O d5 12. exd5 Nxd5 13. Rfe1 Rc8 14. Nxd5 Bxd5
15. c3 Bg7 16. Bf1 Bc4 17. Bh6 Bxh6 18. Qxh6 Bxf1 19. Rxe5 Bc4 20. Qg7 Rf8 21.
Rae1 Rc7 22. Qf6 e6 23. Qxd8+ Kxd8 24. Rd1 Ke7 25. Rde1 Kf6 26. Kf2 Rfc8 27.
Kg3 h6 28. Kf4 g5+ 29. Kg4 Kg6 30. h4 h5+ 31. Kh3 f6 32. R5e3 e5 33. Ne2 Be6+
34. Kg3 gxh4+ 35. Kxh4 Rc4+ 36. Kg3 Rg8 37. Kf2 Rh4 38. Rd3 Bc4 39. Rd6 a5 40.
Ng3 Kf7 41. Nf5 Rh2 42. Nh6+ Ke7 43. Nxg8+ Kxd6 44. Nxf6 Rh4 45. Ne4+ Ke7 46.
Nc5 Kd6 47. Nb7+ Ke6 48. Nxa5 Bd5 49. b3 Rf4 50. c4 bxc4 51. bxc4 Bxc4 52. Nxc4
Rxc4 53. Ra1 h4 54. a4 Rc2+ 55. Kg1 Kd5 56. a5 Rc8 57. a6 Ra8 58. a7 e4 59.
Ra5+ Kd4 60. Ra4+ Kc5 61. fxe4 Kb6 62. Kf2 Kb7 63. Ke3 Kb6 64. e5 Kb7 65. Ke4
Kc6 66. e6 Kc5 67. Ra6 1-0

[Event "I Festival dell'Etna A"]
[Site "Nicolosi ITA"]
[Date "2014.12.06"]
[Round "3"]
[White "Gueci, Laura"]
[Black "Rosolia, Giuseppe"]
[WhiteElo "2010"]
[BlackElo "1806"]
[Result "1/2-1/2"]
[PlyCount "69"]
[EventDate "2014.12.05"]

1. c4 d6 2. g3 e5 3. Bg2 Nf6 4. Nc3 Be7 5. d3 Nbd7 6. e4 c6 7. Nge2 a5 8. O-O
O-O 9. b3 h6 10. h3 Nh7 11. Be3 Nc5 12. d4 Ne6 13. f4 Bf6 14. Kh2 Qc7 15. fxe5
dxe5 16. d5 Rd8 17. Na4 Nd4 18. Nxd4 exd4 19. Bxd4 Be5 20. Bxe5 Qxe5 21. Nb6
Rb8 22. c5 Ng5 23. Qc2 Bxh3 24. Nc4 Qe7 25. Nd6 Bxg2 26. Qxg2 Rd7 27. Rae1 f6
28. e5 fxe5 29. dxc6 bxc6 30. Qxc6 Qe6 31. Qg2 Rbd8 32. Re2 Re7 33. Nc4 e4 34.
Nd2 Qe5 35. Rf4 1/2-1/2

[Event "I Festival dell'Etna A"]
[Site "Nicolosi ITA"]
[Date "2014.12.06"]
[Round "3"]
[White "Gueci, Tea"]
[Black "Lombardo, Corrado"]
[WhiteElo "2018"]
[BlackElo "1855"]
[Result "1-0"]
[PlyCount "177"]
[EventDate "2014.12.05"]

1. e4 c5 2. Nf3 a6 3. c3 e6 4. d4 d5 5. e5 Bd7 6. Bd3 Nc6 7. O-O Nge7 8. Be3
cxd4 9. cxd4 Nb4 10. Be2 Bb5 11. Bxb5+ axb5 12. Nc3 Qb6 13. Qb3 Nf5 14. a3 Nc6
15. Qxb5 Qxb5 16. Nxb5 Kd7 17. Bd2 Na5 18. Bxa5 Rxa5 19. Nc3 Be7 20. Rac1 Rc8
21. Rfd1 Ra6 22. Ne1 Rac6 23. Nc2 Rc4 24. Rd3 h5 25. Rcd1 R8c6 26. h3 Rb6 27.
Rb1 h4 28. Kf1 Rb3 29. Na1 Rb6 30. Ne2 Ra4 31. b4 Rba6 32. Nc2 Rc6 33. Rb2 Ra8
34. Ke1 Rac8 35. Kd1 Bg5 36. f4 Be7 37. Ne3 g6 38. Kd2 Bf8 39. Ng4 Be7 40. Ne3
Bf8 41. Nc2 Bh6 42. Na1 Ng3 43. Nb3 Ne4+ 44. Ke3 b6 45. Nd2 Nc3 46. Nxc3 Rxc3
47. Rb3 Rc2 48. Kf3 Bf8 49. Nb1 R8c4 50. Nc3 Kc6 51. Ne2 Ra2 52. Rbc3 Rc2 53.
Rxc2 Rxc2 54. Rc3+ Rxc3+ 55. Nxc3 Be7 56. b5+ Kc7 57. a4 Bb4 58. Ne2 Be1 59.
Kg4 Kd7 60. Kg5 Ke7 61. Nc1 Bf2 62. Nb3 Be1 63. Kg4 Kd7 64. Na1 Ke7 65. Nc2 Bd2
66. Kxh4 Bxf4 67. Kg4 Bd2 68. h4 Bc3 69. Kf3 Kf8 70. Ke2 Ke7 71. Kd3 Ba5 72. g4
f5 73. exf6+ Kxf6 74. Ne3 Be1 75. g5+ Ke7 76. Ng2 Bg3 77. Ke2 Kf7 78. Kf3 Bh2
79. Nf4 Bg1 80. Ne2 Bh2 81. Kg2 Bd6 82. Ng1 Bb4 83. Nf3 Bc3 84. Ne5+ Kg7 85.
Nc6 e5 86. dxe5 d4 87. Kf3 Kf7 88. Ke4 Ke6 89. Nxd4+ 1-0

[Event "I Festival dell'Etna A"]
[Site "Nicolosi ITA"]
[Date "2014.12.06"]
[Round "3"]
[White "Iannello, Antonio"]
[Black "Musso, Andrea"]
[WhiteElo "1907"]
[BlackElo "1697"]
[Result "1-0"]
[PlyCount "75"]
[EventDate "2014.12.05"]

1. Nf3 d5 2. g3 Bf5 3. Bg2 c6 4. O-O Nd7 5. d3 Ngf6 6. Nbd2 e6 7. Re1 Be7 8. e4
Bg6 9. e5 Ng4 10. h3 Nh6 11. Qe2 O-O 12. g4 Bg5 13. Nxg5 Qxg5 14. Nf3 Qe7 15.
Bg5 Qb4 16. c3 Qb5 17. Rad1 Rae8 18. Nd4 Qb6 19. a4 Nc5 20. a5 Qa6 21. Bf1 Bxd3
22. Rxd3 Nxd3 23. Qxd3 Qxa5 24. Qd2 Kh8 25. Bxh6 gxh6 26. Qxh6 Rg8 27. Bd3 Rg7
28. Nf3 Qd8 29. Kh2 Rf8 30. g5 Qe7 31. Rg1 Qd8 32. Rg4 Rg6 33. Qh5 Rfg8 34. Rf4
Qe8 35. Bxg6 fxg6 36. Qg4 Rf8 37. Rf6 Rxf6 38. gxf6 1-0

[Event "I Festival dell'Etna A"]
[Site "Nicolosi ITA"]
[Date "2014.12.06"]
[Round "3"]
[White "La Franca, Vincenzo"]
[Black "Cervellione, Piernicola"]
[WhiteElo "1591"]
[BlackElo "1431"]
[Result "1/2-1/2"]
[PlyCount "74"]
[EventDate "2014.12.05"]

1. d4 Nf6 2. c3 d5 3. Bg5 Bf5 4. e3 e6 5. Bd3 Bxd3 6. Qxd3 Nbd7 7. Nf3 Be7 8.
Ne5 Nxe5 9. dxe5 Nd7 10. Bxe7 Qxe7 11. f4 Nc5 12. Qe2 O-O 13. Nd2 Rad8 14. O-O
f6 15. Nf3 Ne4 16. Nd2 f5 17. Nxe4 dxe4 18. Rad1 c6 19. b4 c5 20. b5 Rxd1 21.
Rxd1 Rd8 22. c4 Rd7 23. Kf1 Qd8 24. Ke1 Rd3 25. Rxd3 exd3 26. Qd2 Qh4+ 27. g3
Qd8 28. Kd1 g5 29. Qc3 gxf4 30. exf4 h5 31. Kd2 Kf7 32. a3 b6 33. Qxd3 Qxd3+
34. Kxd3 Kg6 35. h4 Kf7 36. a4 Kg6 37. a5 Kf7 1/2-1/2

[Event "I Festival dell'Etna A"]
[Site "Nicolosi ITA"]
[Date "2014.12.06"]
[Round "3"]
[White "Lalic, Bogdan"]
[Black "Guccione, Cristoforo"]
[WhiteElo "2479"]
[BlackElo "1983"]
[Result "1-0"]
[PlyCount "57"]
[EventDate "2014.12.05"]

1. d4 f5 2. g3 Nf6 3. Bg2 g6 4. Nh3 Bg7 5. Nf4 Nc6 6. Nc3 e5 7. dxe5 Nxe5 8.
Nd3 Nf7 9. e4 fxe4 10. Nxe4 Nxe4 11. Bxe4 d5 12. Bg2 O-O 13. O-O c6 14. Re1 Nd6
15. h4 Bf5 16. c3 Nc4 17. Nf4 Qb6 18. Bxd5+ cxd5 19. Qxd5+ Kh8 20. Qxc4 Rae8
21. Be3 Qxb2 22. Bd4 Qd2 23. Rxe8 Rxe8 24. Qf7 Rg8 25. Bxg7+ Rxg7 26. Qe8+ Rg8
27. Qe5+ Rg7 28. h5 Qd7 29. h6 1-0